000 00414nam a2200133Ia 4500
008 220217s9999||||xx |||||||||||||| ||und||
020 _a9788131705131
082 _a621.3822 RAB
100 _aRabiner, Lawrence, R and Schafer, Ronald, W
245 0 _aDigital processing of speech signals
260 _aPearson education of asia
_bNew Delhi
_c2011
300 _a528p.
_b550
650 _aSIGNAL PROCESSING
_9719
999 _c184022
_d184022